| 000 | 00415nam a2200157 i 4500 | ||
|---|---|---|---|
| 001 | 34958 | ||
| 003 | ES-MaACL | ||
| 005 | 20230906155028.0 | ||
| 007 | t| | ||
| 008 | 030211s1934 it ||||1| ita d | ||
| 100 | 1 |
_aBontempelli, Massimo. _930308 |
|
| 245 | 1 | 0 |
_aGaleria degli Schiavi / _cMassimo Bontempelli. |
| 260 |
_aMilano : _bA. Mondadori, _c1934. |
||
| 300 |
_a237 p. ; _c19 cm. |
||
| 852 |
_aES-MaACL _jA-3176 |
||
| 999 |
_c34958 _d34958 |
||